| 000 | 004980000a22001690004500 | ||
|---|---|---|---|
| 003 | MACL | ||
| 005 | 20160319163534.0 | ||
| 008 | 160319b xxu||||| |||| 00| 0 eng d | ||
| 040 |
_aMACL _cMACL |
||
| 041 | _aHindi | ||
| 082 | _a920 | ||
| 100 |
_aचतुर्वेदी सीताराम _946345 |
||
| 245 | _aमहामना मालवीयजी | ||
| 260 |
_bनागेश उपाध्याय _aकाशी |
||
| 650 |
_aBiography _947575 |
||
| 942 |
_cHIN _k920 _2ddc |
||
| 999 |
_c23472 _d23472 |
||